| 000 | 00361nam a2200133Ia 4500 | ||
|---|---|---|---|
| 008 | 210430s9999 xx 000 0 und d | ||
| 020 | _a1-57444-662-2 | ||
| 082 | _a666.1 P 9621 P | ||
| 100 |
_aL.David Pye _953956 |
||
| 245 |
_aProperties of Glass -Forming Melts _cL.David Pye |
||
| 260 |
_aLondon _bTaylor &Francis _c2005 |
||
| 300 | _a485p | ||
| 942 |
_cBK _2ddc |
||
| 999 |
_c564343 _d564343 |
||